000 01349nam a22002897a 4500
999 _c65326
_d65326
005 20240530110819.0
008 190708s2019 ua g b 00| 0 ara d
017 _a9430
_bمصر. دار الكتب
020 _a9789777332521
040 _aEG-CaGPL
_cEG-CaGPL
082 _221
_a338.526 /
_bع أ
100 0 _aعلى سيد اسماعيل
245 1 2 _aالاثار الايجابية والسلبية لالغاء الدعم على المستوى الاقتصادى والاجتماعى والسياسى /
_cعلى سيد اسماعيل
260 _aالاسكندرية :
_bدار التعليم الجامعى،
_c2019.
300 _a123 ص. ؛
_c24 سم.
500 _aالكتاب الفائز بالجائزة الاولى لمركز صالح كامل للاقتصاد الاسلامى جامعة الازهر - القاهرة 2014م
504 _aيشتمل على ارجاعات ببليوجرافية
650 0 7 _2qrmak
_aالدعم الحكومى
650 0 7 _2qrmak
_aالاسعار
650 0 7 _2qrmak
_aالسلع
651 _2qrmak
653 0 _aالغاء الدعم - التاثير الاقتصادى
653 0 _aالغاء الدعم - التاثير الاجتماعى
653 0 _aالغاء الدعم - التاثير السياسى
942 _2ddc
_cBK